000 00854nam a2200265 i 4500
001 bg
003 BPK
005 20200407144356.0
008 081008s1998 pl a f |000 0 pol
015 _aPB 2928/2009
020 _a8387388106
040 _aWA N
_cBPK
041 0 _apol
_arus
080 _a811.161.1
080 _a(07)
100 1 _aŚlusarski, Szymon.
245 1 0 _aRusskij âzyk :
_brepetytorium tematyczno-leksykalne dla młodzieży szkolnej, studentów i nie tylko ... /
_cSzymon Ślusarski, Irina Tiereszczenko.
260 _aPoznań :
_bWagros ,
_c1998.
300 _a107 s. :
_bil. ;
_c24 cm.
655 4 _aPodręcznik
650 4 _aJęzyk rosyjski
700 1 _aTereŝenko, Irina.
942 _2UKD
_cKS
856 _uhttp://koha.tu.koszalin.pl/cgi-bin/koha/opac-detail.pl?biblionumber=33747
_yKatalog online BPK
999 _c33747
_d33747